[Event "Niedersachsen-ch op-B"]
[Site "Verden"]
[Date "2012.01.05"]
[Round "7"]
[White "Kabat, Daniel"]
[Black "Knobel, Dagmar"]
[Result "1-0"]
[WhiteElo "983"]
[BlackElo "1247"]
[PlyCount "131"]
[EventDate "2012.01.02"]
[EventType "swiss"]
[EventRounds "7"]
[EventCountry "GER"]
[SourceTitle "EXT 2021"]
[Source "ChessBase"]
[SourceDate "2020.10.23"]
[SourceVersion "1"]
[SourceVersionDate "2020.10.23"]
[SourceQuality "1"]

1. e4 e5 2. Nf3 d6 3. h3 Nf6 4. Nc3 Be6 5. d4 exd4 6. Nxd4 Qe7 7. Bg5 Nbd7 8. Bd3 g6 9. 0-0 Bg7 10. Re1 0-0 11. Nd5 Qd8 12. Nf4 Re8 13. Nfxe6 fxe6 14. Bc4 Nf8 15. Bb5 c6 16. Nxc6 Qc7 17. Nxa7 Re7 18. Qd4 e5 19. Bc4+ Ne6 20. Bxe6+ Rxe6 21. Nb5 Qc6 22. Qd3 h6 23. Bxf6 Bxf6 24. Qb3 Kf7 25. Nxd6+ Qxd6 26. Qxb7+ Re7 27. Qxa8 Qb6 28. Qa3 Qc6 29. Qc3 Qxc3 30. bxc3 Rc7 31. a4 Rxc3 32. Re2 Rc6 33. a5 Ra6 34. c4 Bd8 35. Rea2 Ke6 36. f3 Kd6 37. Kf2 Kc5 38. Ra4 Bc7 39. Ke3 h5 40. h4 Bd6 41. g4 Kc6 42. Rd1 Bc5+ 43. Ke2 Bd4 44. Kf1 Be3 45. Ke2 Bd4 46. f4 hxg4 47. fxe5 Bxe5 48. Rd5 Bf4 49. e5 Kc7 50. Rd4 Bxe5 51. Rxg4 Bc3 52. Rg5 Re6+ 53. Kd3 Be1 54. c5 Kb7 55. Re4 Rxe4 56. Kxe4 Bxh4 57. Rxg6 Bd8 58. a6+ Ka7 59. Rd6 Ba5 60. Kd5 Ka8 61. Rd7 Kb8 62. Rh7 Ka8 63. c6 Kb8 64. Kc4 Bc7 65. Rxc7 Kxc7 66. a7 1-0